000 00346nam a2200169Ia 4500
100 _aSamuel Smiles
650 _aPhilosophy
942 _cBK
366 _f25
654 _acharacter
245 _aCharacter
260 _bBetter Yourself Books
_aBandra
_c2004
082 _a170/SAM
_bSAM
300 _a160
546 _aENGLISH
999 _c24440
_d24440